| 000 | 00372nam a22000977a 4500 | ||
|---|---|---|---|
| 008 | 190415b xxu||||| |||| 00| 0 eng d | ||
| 010 | _aHCMAF108B | ||
| 245 | _aHIGH COURT MISCELLANEOUS APPLICATION NO. 0381 OF 2008 NYAKATO JOSEPHINE VS ECUMENICAL CHURCH LOAN FUND LTD | ||
| 260 | _c2008 | ||
| 500 |
_3BEFORE: HON. JUSTICE LAMECK N. MUKASA _a(ARISING OUT OF HCT-00-CC-CS-0847-2007) |
||
| 999 |
_c8607 _d8607 |
||